[Event "Magistral Barcelona"]
[Site "Barcelona ESP"]
[Date "2010.11.07"]
[Round "4"]
[White "Inarkiev,E"]
[Black "Cuartas,Ja"]
[Result "1-0"]
[WhiteElo "2667"]
[BlackElo "2534"]

1.e4 c5 2.Nf3 Nc6 3.Nc3 e6 4.d4 cxd4 5.Nxd4 Nf6 6.Ndb5 Bb4 7.a3 Bxc3+ 8.Nxc3 d5
9.exd5 exd5 10.Bd3 O-O 11.O-O d4 12.Ne2 Bg4 13.Bg5 h6 14.Bh4 Bxe2 15.Bxe2 g5
16.Bg3 Ne4 17.Bd3 Nxg3 18.hxg3 Ne5 19.f4 Nxd3 20.Qxd3 Rc8 21.Rad1 Qb6 22.fxg5 Qxb2
23.gxh6 Rxc2 24.Qe4 d3 25.Rb1 Qc3 26.Kh2 Re2 27.Qg4+ Kh8 28.Rxb7 Rg8 29.Qf4 Qe5
30.Qxe5+ Rxe5 31.Rfxf7 Rh5+ 32.Kg1 Rxh6 33.Rfd7 a6 34.Rxd3 Rc8 35.Ra7 Rg6
36.g4 Rxg4 37.Rxa6 Rc7 38.Kh2 Kg8 39.Kh3 Rg5 40.g3 Rh7+ 41.Kg2 Rb7 42.Rad6 Rbg7
43.Rd7 Rxd7 44.Rxd7 Ra5 45.Rd3 Kf7 46.Kf3 Ke6 47.Kf4 Ra4+ 48.Kg5 Kf7 49.Kf5 Ra5+
50.Ke4 Ke6 51.Kd4 Kd6 52.Kc4+ Kc6 53.Rc3 Rg5 54.Kb4+ Kb6 55.Kb3 Kb5 56.Kc2 Ka4
57.Kd2 Rg8 58.Ke2 Re8+ 59.Kf3 Rf8+ 60.Ke4 Re8+ 61.Kf5 Rf8+ 62.Ke6 Rg8 63.Kf7 Rg4
64.Rf3 Kb5 65.Kf6 Rg8 66.Rf5+ Kc6 67.Rg5 Rf8+ 68.Kg7 Ra8 69.Rf5 Ra4 70.Rf4 Rxa3
71.g4 Rg3 72.Kf6 Kd7 73.Re4 Rf3+ 74.Kg6 Kd6 75.g5 Kd5 76.Re1 Rg3 77.Kf6 Rf3+
78.Kg7 Kd6 79.g6 Rf2 80.Kg8 Rg2 81.g7 Rh2 82.Kf7 Rf2+ 83.Ke8 Rg2 84.Re7 Rg1
85.Kf8 Rg2 86.Rf7  1-0

[Event "TCh-BEL 2010-11"]
[Site "Belgium BEL"]
[Date "2010.11.07"]
[Round "3.3"]
[White "Saiboulatov,D"]
[Black "Van Oosterom,C"]
[Result "1/2-1/2"]
[WhiteElo "2400"]
[BlackElo "2413"]

1.e4 c5 2.Nf3 e6 3.d4 cxd4 4.Nxd4 Nc6 5.Nc3 a6 6.Nxc6 bxc6 7.Bd3 d5 8.O-O Nf6
9.Qe2 Be7 10.Bf4 O-O 11.Rae1 Re8 12.Qf3 Nd7 13.exd5 cxd5 14.Qg3 Nf8 15.Bc7 Qd7
16.h4 Bb7 17.h5 Rac8 18.Bf4 f6 19.Rd1 Bb4 20.Qh3 Qf7 21.Bd2 e5 22.Bf5 Rcd8
23.Ne2 Bxd2 24.Rxd2 d4 25.c3 Qxa2 26.cxd4 exd4 27.Nxd4 Qa5 28.Qb3+ Bd5 29.Qc3 Qxc3
30.bxc3 Bc4 31.Ra1 Re5 32.Bd3  1/2-1/2

[Event "Magistral Barcelona"]
[Site "Barcelona ESP"]
[Date "2010.11.08"]
[Round "5"]
[White "Alsina Leal,D"]
[Black "Inarkiev,E"]
[Result "1/2-1/2"]
[WhiteElo "2527"]
[BlackElo "2667"]

1.e4 c5 2.Nf3 e6 3.d4 cxd4 4.Nxd4 Nc6 5.Nc3 Qc7 6.Be3 a6 7.Qd2 Nf6 8.O-O-O Be7
9.f3 b5 10.g4 Nxd4 11.Bxd4 b4 12.Ne2 Bb7 13.Ng3 O-O 14.Kb1 Rfc8 15.Bd3 a5
16.Nh5 e5 17.Qg5 Nxh5 18.Qxe7 exd4 19.gxh5 Ba6 20.Qg5 Bxd3 21.cxd3 Ra6 22.Rc1 Rc6
23.Rxc6 Qxc6 24.Rc1 Qxc1+ 25.Qxc1 Rxc1+ 26.Kxc1 f5 27.f4 Kf7 28.Kd2 h6 29.exf5 a4
30.Ke2 Kf6 31.Kf3 Kxf5 32.b3 a3 33.Kg3 Ke6 34.Kg4 Kf6 35.Kf3 Kf5 36.h3 d6
37.Kg3 Ke6 38.Kf2 Kf6 39.Kg2 g5 40.hxg6 Kxg6 41.Kf3 Kf5 42.Kg3 h5 43.h4  1/2-1/2

[Event "Magistral Barcelona"]
[Site "Barcelona ESP"]
[Date "2010.11.09"]
[Round "6"]
[White "Hess,Ro"]
[Black "Salgado Lopez,I"]
[Result "0-1"]
[WhiteElo "2602"]
[BlackElo "2602"]

1.e4 c5 2.Nf3 e6 3.d4 cxd4 4.Nxd4 Nc6 5.Nc3 d6 6.Be3 Nf6 7.Qd2 Be7 8.O-O-O Ng4
9.Ndb5 Nxe3 10.fxe3 O-O 11.Nxd6 a6 12.Qe1 Qa5 13.Qg3 Qe5 14.Na4 Bg5 15.Kb1 Qxg3
16.hxg3 Bxe3 17.Nc4 Bf2 18.Nab6 Rb8 19.g4 h6 20.Rh5 Rd8 21.Rxd8+ Nxd8 22.g5 hxg5
23.Rxg5 Nc6 24.a4 g6 25.a5 Kf8 26.Nd6 Bxb6 27.axb6 Ke7 28.Nc4 Bd7 29.c3 Rh8
30.Kc2 Be8 31.e5 Nd8 32.Na5 Bc6 33.Bd3 Kd7 34.Rg4 Rh2 35.Rd4+ Kc8 36.Nc4 Bxg2
37.Kc1 Bd5 38.Nd6+ Kd7 39.Rf4 f5 40.c4 Bh1 41.c5 g5 42.Rf1 Bd5 43.b4 Nc6
44.b5 Nxe5 45.Bxf5 exf5 46.bxa6 bxa6 47.Rxf5 Nd3+ 48.Kb1 Ba2+ 49.Ka1 Be6  0-1

[Event "Russia Cup Final KO Women"]
[Site "Belgorod RUS"]
[Date "2010.11.09"]
[Round "2.1"]
[White "Kovanova,B"]
[Black "Stepovaia Dianchenko,T"]
[Result "1-0"]
[WhiteElo "2380"]
[BlackElo "2385"]

1.e4 c5 2.Nf3 e6 3.d4 cxd4 4.Nxd4 Nc6 5.Nc3 Qc7 6.g3 a6 7.Bg2 d6 8.O-O Bd7
9.Nxc6 Bxc6 10.a4 Nf6 11.Be3 Be7 12.a5 O-O 13.Re1 Rae8 14.Bb6 Qc8 15.Qd2 Nd7
16.Bd4 Qc7 17.Na4 Rc8 18.Nb6 Nxb6 19.Bxb6 Qd7 20.Rad1 f5 21.b3 e5 22.Bh3 g6
23.c4 Qe6 24.f4 Qf6 25.exf5 gxf5 26.c5 dxc5 27.Rxe5 Qg7 28.Bxf5 Rxf5 29.Rxf5 Qg4
30.Qd3 Be4 31.Qxe4 Qxd1+ 32.Kg2 Qd2+ 33.Kh3 Rc6 34.Qd5+ Qxd5 35.Rxd5 Bd6
36.Kg4 Kf7 37.Kf5 Ke7 38.h4 Rc8 39.Rd3 Kd7 40.Kf6 Kc6 41.Kg7 h5 42.f5 Kd7
43.f6 c4 44.bxc4  1-0

[Event "Russia Cup Final KO"]
[Site "Belgorod RUS"]
[Date "2010.11.13"]
[Round "4.1"]
[White "Andriasian,Z"]
[Black "Potkin,V"]
[Result "1-0"]
[WhiteElo "2585"]
[BlackElo "2646"]

1.e4 c5 2.Nf3 e6 3.d4 cxd4 4.Nxd4 Nc6 5.Nc3 Qc7 6.f4 a6 7.Be3 b5 8.Qf3 Bb7
9.Bd3 Nf6 10.g4 h5 11.gxh5 Nxh5 12.Nxc6 Qxc6 13.f5 Nf6 14.Bd4 b4 15.Bxf6 gxf6
16.Ne2 e5 17.O-O-O Ke7 18.Kb1 Rc8 19.Nc1 Bh6 20.Nb3 Qb6 21.Qe2 Qe3 22.Qf1 Bxe4
23.Rg1 Bf4 24.Re1 Qf3 25.Rxe4 Qxf1+ 26.Rxf1 d5 27.Rxb4 Rxh2 28.a4 Bg5 29.c3  1-0

[Event "16th Asian Games Rapid Women"]
[Site "Guangzhou CHN"]
[Date "2010.11.13"]
[Round "2"]
[White "Uchida,N"]
[Black "Mir Mahmoud,A"]
[Result "0-1"]
[WhiteElo "1834"]
[BlackElo "2010"]

1.e4 c5 2.Nf3 e6 3.d4 cxd4 4.Nxd4 Nc6 5.Nc3 Qc7 6.Be2 Nf6 7.O-O a6 8.Be3 Bb4
9.Na4 Be7 10.Nxc6 bxc6 11.Nb6 Rb8 12.Nxc8 Qxc8 13.Bd4 c5 14.Be5 Rb6 15.Qd3 d6
16.Bc3 O-O 17.b3 Rc6 18.Rad1 Rd8 19.Qf3 d5 20.e5 Nd7 21.Qg3 Qc7 22.f4 f5
23.Qe1 Qa7 24.Kh1 Rdc8 25.a3 Nb6 26.Bf3 Kh8 27.Rg1 Ra8 28.g4 g6 29.gxf5 gxf5
30.Rg2 Rcc8 31.Qf2 Rg8 32.Rdg1 Qd7 33.Rg3 Raf8 34.Qg2 Qc8 35.Ba5 Nd7 36.Rxg8+ Rxg8
37.Qxg8+ Qxg8 38.Rxg8+ Kxg8 39.Be2 Kf7 40.Bxa6 Bh4 41.Bc8 Nb8 42.Bb6 Bf2
43.Kg2 Be3 44.Kf3 Bd4 45.a4 Nc6 46.a5 c4 47.Bb7 Bxb6 48.axb6 Nd4+ 49.Ke3 Nxc2+
50.Kd2 cxb3 51.Kc3 Nd4 52.Bc8 Ke7 53.b7 Nc6 54.Kxb3 Kd8 55.Kc3 Kc7 56.Bxe6 Ne7
57.Kd4 Kxb7 58.Bxd5+ Kc7 59.Bf7 Kc6 60.Be8+ Kc7 61.Ke3 Kb6 62.Kd4 Kc7 63.Kc5 Kd8
64.Bf7 Kc7 65.Kd4 Kc6 66.Ke3 Kc5 67.Kd3 Nc6 68.Bg8 h6 69.Bh7 Ne7 70.h4 Kd5
71.h5 Kc5 72.Bxf5 Nxf5 73.Ke4 Ng3+ 74.Kf3 Nxh5 75.f5 Kd5 76.e6 Nf6 77.Kf4 Kd6
78.Kf3 Ke5 79.Ke3 Kxf5 80.e7 Ke6 81.Kf4 Kxe7 82.Kf5 Kf7 83.Kf4 Kg6 84.Kg3 Kg5
85.Kh3 h5 86.Kg3 Nd5 87.Kh3 Nf4+ 88.Kg3 h4+ 89.Kh2 Kg4 90.Kg1 Kg3 91.Kh1 Nd3
92.Kg1 Nf2 93.Kf1 h3 94.Kg1 h2+  0-1

[Event "TCh-SWE Elitserien 2010-11"]
[Site "Sweden SWE"]
[Date "2010.11.14"]
[Round "4"]
[White "Nithander,V"]
[Black "Svensson,B"]
[Result "1/2-1/2"]
[WhiteElo "2422"]
[BlackElo "2394"]

1.e4 c5 2.Nf3 e6 3.d4 cxd4 4.Nxd4 Nc6 5.Nc3 Qc7 6.Be2 a6 7.O-O Nf6 8.Be3 Be7
9.f4 d6 10.a4 O-O 11.Kh1 Re8 12.Bf3 Rb8 13.g4 Nxd4 14.Qxd4 e5 15.Qd2 exf4
16.Bd4 Be6 17.Qxf4 Nd7 18.Rad1 Ne5 19.g5 Bf8 20.Bg2 g6 21.Rd2 Bg7 22.b3 Rbc8
23.Nd5 Bxd5 24.exd5 Re7 25.c4 Rce8 26.Qg3 Qa5 27.Rdf2 Qb4 28.Rf4 Qd2 29.Bc3 Qd3
30.Re4 Qxg3 31.hxg3 Nd7 32.Rxe7 Rxe7 33.Bxg7 Kxg7 34.b4 Re3 35.Bh3 Ne5 36.c5 Rd3
37.cxd6 Rxd5 38.Bc8 Rxd6 39.Bxb7 Rb6 40.Bc8 Rxb4 41.Rf4 Nd3 42.Rh4 Rxh4+
43.gxh4 Nc5 44.a5 Nb3 45.Bxa6 Nxa5 46.Kg2 h6 47.gxh6+ Kxh6 48.Kg3 Nc6 49.Bc4 Ne5
50.Bb3 Kg7 51.Ba2 f5 52.Bb3 Kf6 53.Ba4 Nd3 54.Bb5 Nc5 55.Be8 Ne6  1/2-1/2

[Event "FSGM November"]
[Site "Budapest HUN"]
[Date "2010.11.15"]
[Round "10"]
[White "Feher,Ad"]
[Black "Saravanan,V1"]
[Result "1-0"]
[WhiteElo "2348"]
[BlackElo "2408"]

1.e4 c5 2.Nf3 Nc6 3.d4 cxd4 4.Nxd4 e6 5.Nc3 Qc7 6.Be2 a6 7.O-O Nf6 8.Be3 Be7
9.a4 O-O 10.f4 d6 11.Kh1 Re8 12.Bf3 Rb8 13.Qd2 Nd7 14.Qf2 b6 15.Nb3 Bf8 16.g4 Bb7
17.g5 Nb4 18.Bg2 g6 19.Bd4 Ba8 20.f5 Ne5 21.f6 Nc4 22.Qh4 e5 23.Bg1 Nxb2
24.Rf3 d5 25.Rh3 h6 26.exd5 Rbd8 27.gxh6 Nxd5 28.h7+ Kh8 29.Nxd5 Rxd5 30.c4 Nxc4
31.Rc3 e4 32.Rac1 b5 33.axb5 axb5 34.Nd2 Rh5 35.Qg4 Qb8 36.Qd7 Rd8 37.Qxf7 Rxh7
38.Qxg6 Bd6 39.Rh3 Rd7 40.f7 Rxh3 41.Qf6+ Kh7 42.Qf5+  1-0

[Event "1st Open"]
[Site "Brno CZE"]
[Date "2010.11.16"]
[Round "4"]
[White "Spreer,L"]
[Black "Glacner,K"]
[Result "0-1"]
[WhiteElo "1655"]
[BlackElo "1766"]

1.e4 c5 2.Nf3 e6 3.d4 cxd4 4.Nxd4 Nc6 5.Nc3 a6 6.Be2 Be7 7.O-O d6 8.Be3 Ne5
9.f4 Nd7 10.f5 e5 11.Nf3 Ngf6 12.Nd2 b6 13.Nc4 Qc7 14.a4 Bb7 15.Nd2 O-O 16.Rf3 Rac8
17.Rg3 Kh8 18.Bh5 Nc5 19.Bxc5 dxc5 20.Qf3 c4 21.Rh3 Rcd8 22.Rd1 Rg8 23.Bxf7 Bc5+
24.Kh1 Qxf7 25.Qe2 Bd4 26.Nxc4 Rge8 27.Rhd3 Qc7 28.Nd2 Bxc3 29.Rxc3 Qd7 30.Rd3 Qe7
31.Re3 Rd7 32.Rf1 Red8 33.Nc4 b5 34.axb5 axb5 35.Na5 Qb4 36.Nxb7 Rxb7 37.c3 Qc4
38.Qf3 Rbd7 39.Rb1 Qa2 40.Ree1 Rd3 41.Qf1 Qc4 42.Qe2 Rd2 43.Qf3 R8d3 44.Qf1 Ng4
45.Re2 Qc5 46.h3 Nf2+ 47.Kh2 Rxe2 48.Qxe2 Qe3 49.Qh5 Qg3+ 50.Kg1 Rd8 51.Qf3 Nxh3+
52.Kf1 Qxf3+ 53.gxf3 Rd2 54.Ke1 Rf2 55.Rd1 h5 56.Rd3 Rxb2 57.Rd8+ Kh7 58.Rd7 Rf2
59.f6 Kg8 60.Rxg7+ Kf8 61.Rg3 Rh2 62.f4 Nxf4 63.Rg7 Rc2 64.Rb7 Re2+ 65.Kd1 Rxe4
66.Rxb5 Kf7 67.Rb6 Nd5 68.Rc6 Nxf6 69.c4 h4 70.Rc7+ Kg6 71.Kd2 h3 72.Rc8 h2
73.Rh8 Nh7 74.c5 h1=Q 75.c6 Rd4+ 76.Ke3 Qxc6 77.Rg8+ Kf7 78.Rh8 Qc3+ 79.Ke2 Rd2+  0-1

[Event "III Iberoamerican B"]
[Site "Mexico City MEX"]
[Date "2010.11.16"]
[Round "4"]
[White "Fonseca,JL"]
[Black "Iturrizaga,E"]
[Result "0-1"]
[WhiteElo "2174"]
[BlackElo "2607"]

1.e4 c5 2.Nf3 Nc6 3.d4 cxd4 4.Nxd4 e6 5.Nc3 Qc7 6.g3 a6 7.Bg2 Nf6 8.O-O Be7
9.Re1 d6 10.Nxc6 bxc6 11.e5 dxe5 12.Rxe5 O-O 13.Re1 Rd8 14.Qe2 Bb7 15.Bf4 Qb6
16.Ne4 Nd5 17.Bg5 h6 18.Bxe7 Nxe7 19.Qc4 Rd5 20.b4 a5 21.a3 Rad8 22.Rab1 Ba6
23.Qb3 axb4 24.axb4 Nf5 25.Nc5 Rd2 26.c3 Nd6 27.Rbd1 Bc4 28.Qb1 Nb5 29.Rxd2 Rxd2
30.Qc1 Rd8 31.Qf4 Bd5 32.Re3 Qa7 33.c4 Bxg2 34.Kxg2 Nd6 35.Rd3 Qe7 36.Qd2 Kh7
37.h4 f5 38.Qe2 e5 39.Re3 e4 40.f3 f4 41.gxf4 Qxh4 42.fxe4 Nxc4 43.Qxc4 Qg4+
44.Kf2 Qxf4+ 45.Ke2 Qh2+  0-1

[Event "VI World Blitz"]
[Site "Moscow RUS"]
[Date "2010.11.16"]
[Round "1.6"]
[White "Karjakin,Sergey"]
[Black "Grachev,B"]
[Result "1/2-1/2"]
[WhiteElo "2760"]
[BlackElo "2654"]

1.e4 c5 2.Nf3 e6 3.d4 cxd4 4.Nxd4 Nc6 5.Nc3 Qc7 6.Be3 Nf6 7.a3 Be7 8.Be2 O-O
9.O-O d6 10.f4 Nxd4 11.Bxd4 e5 12.Be3 exf4 13.Rxf4 Be6 14.Kh1 a6 15.Bd3 Nd7
16.Bd4 Ne5 17.Qh5 g6 18.Qh6 Qd8 19.h4 Bf6 20.Rxf6 Qxf6 21.Rf1 Qg7 22.Qg5 f6
23.Qg3 Rae8 24.Ne2 g5 25.Bc3 Qh6 26.Nd4 Qxh4+ 27.Qxh4 gxh4 28.Bb4 Bc4 29.Rd1 Bxd3
30.cxd3 Rc8 31.Kg1 Nc6 32.Nxc6 Rxc6 33.Kf2 Rc2+ 34.Kf3 f5 35.e5 dxe5 36.Bxf8 Kxf8
37.Re1 Rc5 38.b4 Rd5 39.Ke3 Kg7 40.Rc1 Kf6 41.Rc7 f4+ 42.Ke2 Rb5 43.Rxh7 Kg5
44.Rg7+ Kf6 45.Rh7 Kg5 46.Rg7+ Kh6 47.Re7 Kg6 48.Kf3 a5 49.bxa5 Rxa5 50.Rxb7 Rxa3
51.Ke4 Ra5 52.d4 exd4 53.Kxf4 Ra2 54.Rd7 Rxg2 55.Rxd4 h3 56.Rd3 h2 57.Rh3 Ra2
58.Rh8 Kg7 59.Rh5 Kf6 60.Ke4  1/2-1/2

[Event "Panam-Cont 2010"]
[Site "Cali COL"]
[Date "2010.11.17"]
[Round "2"]
[White "Contreras,H"]
[Black "Cori T.,D"]
[Result "1/2-1/2"]
[WhiteElo "2202"]
[BlackElo "2384"]

1.e4 c5 2.Nf3 Nc6 3.d4 cxd4 4.Nxd4 e6 5.Nc3 a6 6.g3 h5 7.h4 Nf6 8.Bg2 Ng4
9.O-O Be7 10.Nf3 b5 11.Qe2 b4 12.Nd5 Bc5 13.Ne3 a5 14.Rd1 Ba6 15.Qe1 Ra7
16.c4 Bxc4 17.Nxg4 hxg4 18.Nh2 Nd4 19.Rd2 Qf6 20.Qd1 Nf3+ 21.Nxf3 gxf3 22.Qxf3 Qxf3
23.Bxf3 d6 24.b3 Bb5 25.Bb2 Ke7 26.Bxg7 Rg8 27.Bd4 Rc7 28.e5 Bxd4 29.exd6+ Kxd6
30.Rxd4+ Ke7 31.Rad1 Rc3 32.Kg2 f5 33.R1d2 Rb8 34.h5 e5 35.Rh4 e4 36.Be2 Bc6
37.Kf1 a4 38.Bc4 axb3 39.Bxb3 Bb5+ 40.Ke1 Bd3 41.h6 Kf6 42.h7 Kg7 43.Bg8 Kh8
44.Rb2 Rd8 45.Rd2 Rdc8 46.Be6 Rc1+ 47.Rd1 R8c2 48.Rxc1 Rxc1+ 49.Kd2 Rc2+
50.Ke3 Re2+ 51.Kd4 Rxf2 52.Rf4 Rxf4 53.gxf4 Bb1 54.Bxf5 e3 55.Bd3 Bxa2 56.Kxe3 Be6
57.f5 Bxf5  1/2-1/2

[Event "VI World Blitz"]
[Site "Moscow RUS"]
[Date "2010.11.17"]
[Round "21.6"]
[White "Svidler,P"]
[Black "Grachev,B"]
[Result "1/2-1/2"]
[WhiteElo "2722"]
[BlackElo "2654"]

1.e4 c5 2.Nf3 e6 3.d4 cxd4 4.Nxd4 Nc6 5.Nc3 Qc7 6.Be2 Nf6 7.O-O Be7 8.Be3 O-O
9.f4 d6 10.Ndb5 Qb8 11.a4 Bd7 12.Kh1 Rd8 13.Qe1 Nb4 14.Qd2 Bc6 15.Bf3 d5
16.e5 Ne4 17.Qe2 b6 18.Nd4 Bb7 19.Qe1 Nc6 20.Nce2 Nxd4 21.Nxd4 Qc7 22.c3 Ba6
23.Be2 Bxe2 24.Qxe2 Bc5 25.Rf3 g6 26.Raf1 Bf8 27.g4 Qc4 28.Qg2 Re8 29.f5 exf5
30.gxf5 Rxe5 31.fxg6 fxg6 32.Rf7 Nd6 33.R7f4 Qd3 34.Bg1 Bg7 35.Nc6 Re4 36.Rxe4 Qxe4
37.Ne7+ Kh8 38.Nxd5  1/2-1/2

[Event "VI World Blitz"]
[Site "Moscow RUS"]
[Date "2010.11.17"]
[Round "24.4"]
[White "Nepomniachtchi,I"]
[Black "Svidler,P"]
[Result "1-0"]
[WhiteElo "2720"]
[BlackElo "2722"]

1.e4 c5 2.Nf3 e6 3.d4 cxd4 4.Nxd4 Nc6 5.Nc3 a6 6.Nxc6 bxc6 7.Qd3 d5 8.Bf4 Nf6
9.Be2 Bb7 10.O-O-O Qb6 11.Qg3 Rc8 12.Rhe1 d4 13.Na4 Qb4 14.Qb3 Qxb3 15.axb3 c5
16.Nb6 Rc6 17.Nc4 Nxe4 18.Bf3 f5 19.Na5 Rb6 20.Nxb7 Rxb7 21.Bxe4 fxe4 22.Rxe4 Kf7
23.Rde1 Rb6 24.Kd2 Be7 25.Kd3 Rc8 26.Be5 Bf6 27.Rf4 Rb4 28.Bxf6 gxf6 29.Rh4 c4+
30.bxc4 Rbxc4 31.Re2 e5 32.Rxh7+ Ke6 33.f4 Rb4 34.fxe5 fxe5 35.Rh6+ Kd5 36.Rxa6 Rc5
37.Ra8 Rb7 38.Rd8+ Kc6 39.Rc8+ Kd5  1-0

[Event "VI World Blitz"]
[Site "Moscow RUS"]
[Date "2010.11.18"]
[Round "34"]
[White "Nepomniachtchi,I"]
[Black "Grachev,B"]
[Result "0-1"]
[WhiteElo "2720"]
[BlackElo "2654"]

1.e4 c5 2.Nf3 e6 3.Nc3 Nc6 4.d4 cxd4 5.Nxd4 Qc7 6.Be3 Nf6 7.f4 Bb4 8.Nb5 Qa5
9.e5 Nd5 10.Bd2 Nxc3 11.bxc3 Bc5 12.Bd3 a6 13.Nd4 Nxd4 14.cxd4 Bb4 15.Rb1 Bxd2+
16.Qxd2 Qxa2 17.O-O Qd5 18.Qe3 g6 19.c4 Qc6 20.c5 a5 21.Rb6 Qc7 22.g4 Qd8
23.g5 h6 24.h4 hxg5 25.hxg5 a4 26.Ra1 Kf8 27.Bc2 Kg7 28.Rxa4 Rxa4 29.Bxa4 Rh4
30.Bd1 Qh8 31.Bf3 Rh3 32.Qf2 Rh4 33.Bg2 Qh5 34.Rb1 Qg4 35.Rf1 b6 36.Qf3 bxc5
37.dxc5 Ba6 38.Qxg4 Rxg4 39.Rf2 Bb7 40.Kh2 Bxg2 41.Rxg2 Rxf4 42.Rd2 Rc4 43.Rxd7 Rxc5
44.Kg3 Rxe5 45.Kg4 Re4+ 46.Kf3 Re5 47.Kg4 Rd5 48.Ra7 Rf5 49.Ra8 Rf1 50.Re8 Rh1
51.Ra8  0-1

[Event "Cultural Village"]
[Site "Wijk aan Zee NED"]
[Date "2010.11.18"]
[Round "4"]
[White "Pruijssers,R"]
[Black "Sulypa,A"]
[Result "1-0"]
[WhiteElo "2487"]
[BlackElo "2490"]

1.e4 c5 2.Nf3 e6 3.d4 cxd4 4.Nxd4 Nc6 5.Nc3 Qc7 6.Be3 a6 7.Qd2 Nf6 8.O-O-O Bb4
9.f3 Ne5 10.Nb3 b5 11.Kb1 Be7 12.Qf2 d6 13.g4 Nfd7 14.Rg1 b4 15.Na4 O-O 16.g5 Nc4
17.Bxc4 Qxc4 18.h4 Qb5 19.Nd4 Qb7 20.h5 Nc5 21.Nxc5 dxc5 22.Ne2 Qc7 23.f4 Bb7
24.f5 Rad8 25.f6 Rxd1+ 26.Rxd1 Rd8 27.Rf1 Bf8 28.g6 hxg6 29.hxg6 Rd7 30.Bf4 Qd8
31.Qh4 Rd1+ 32.Bc1  1-0

[Event "III Iberoamerican KO"]
[Site "Mexico City MEX"]
[Date "2010.11.19"]
[Round "1.4"]
[White "Milos,G"]
[Black "Iturrizaga,E"]
[Result "1/2-1/2"]
[WhiteElo "2596"]
[BlackElo "2607"]

1.e4 c5 2.Nf3 Nc6 3.d4 cxd4 4.Nxd4 e6 5.Nc3 Qc7 6.Be2 a6 7.O-O Nf6 8.Kh1 Nxd4
9.Qxd4 Bc5 10.Qd3 b5 11.f4 h5 12.Bf3 Bb7 13.e5 Ng4 14.Bxb7 Qxb7 15.Ne4 Be7
16.Be3 Rc8 17.c3 Nh6 18.b4 Rc4 19.Nd2 Rc7 20.Ne4 Rc4 21.Nd2 Rc6 22.Ne4 Nf5
23.Bc5 Bxc5 24.bxc5 h4 25.Qf3 Qc7 26.Rad1 Qa5 27.Rd2 Qa4 28.Rfd1 O-O 29.Rxd7 Qxa2
30.Nf6+ gxf6 31.Qxc6 Ne3 32.Qf3 Nxd1 33.Qg4+  1/2-1/2

[Event "ch-UKR w"]
[Site "Poltava UKR"]
[Date "2010.11.19"]
[Round "7"]
[White "Nesterovskaya,A"]
[Black "Zingaylo,Ana"]
[Result "1-0"]
[WhiteElo "2176"]
[BlackElo "2104"]

1.e4 c5 2.Nc3 Nc6 3.Nge2 e6 4.d4 cxd4 5.Nxd4 Nf6 6.Nb3 Be7 7.Bd3 O-O 8.O-O b6
9.f4 d6 10.Qf3 e5 11.f5 Nb4 12.g4 d5 13.g5 dxe4 14.Nxe4 Nxe4 15.Bxe4 Ba6
16.Rd1 Qc8 17.c3 Nxa2 18.Be3 Bc4 19.Nd2 Rb8 20.Nxc4 Nxc3 21.bxc3 Qxc4 22.Rxa7 Bc5
23.Bxc5 Qxc5+ 24.Kh1 b5 25.Rdd7 b4 26.Rac7 Qa5 27.cxb4 Rxb4 28.Rxf7 Qa1+
29.Kg2 Qa2+ 30.Kh3 Rd8 31.Rxg7+ Kh8 32.Rxh7+ Kg8 33.f6 Qe6+ 34.Kg3 Kf8 35.Rh8+ Qg8
36.Rxg8+ Kxg8 37.Qh5 Rb3+ 38.Kg4  1-0

[Event "ch-UKR w"]
[Site "Poltava UKR"]
[Date "2010.11.19"]
[Round "7"]
[White "Breslavska,G"]
[Black "Vasilevich,T"]
[Result "0-1"]
[WhiteElo "2190"]
[BlackElo "2417"]

1.e4 c5 2.Nf3 e6 3.d4 cxd4 4.Nxd4 Nc6 5.Nc3 Qc7 6.Be2 a6 7.O-O Nf6 8.Re1 Be7
9.a4 O-O 10.Nb3 Rd8 11.Be3 d5 12.exd5 Nb4 13.Qb1 Nfxd5 14.Nxd5 Nxd5 15.Bd2 e5
16.Bf3 Be6 17.Nc1 Rac8 18.c3 Nb6 19.Be3 Nc4 20.Be4 h6 21.Ne2 Nxe3 22.fxe3 Qb6
23.Ng3 Rd2 24.a5 Qb5 25.Bc2 Bd5 26.e4 Be6 27.Nf1 Qc5+ 28.Kh1 Rf2 29.Ng3 Bh4
30.Rf1 Rd8 31.Rxf2 Qxf2 32.Nf1 Bh3  0-1

[Event "TCh-NED"]
[Site "Netherlands NED"]
[Date "2010.11.20"]
[Round "3.4"]
[White "Feygin,M"]
[Black "Van Oosterom,C"]
[Result "1-0"]
[WhiteElo "2526"]
[BlackElo "2413"]

1.e4 c5 2.Nf3 Nc6 3.d4 cxd4 4.Nxd4 e6 5.Nc3 a6 6.Be3 Nf6 7.Bd3 Qc7 8.O-O Nxd4
9.Bxd4 Bc5 10.Bxc5 Qxc5 11.Re1 d6 12.Qd2 O-O 13.Rad1 e5 14.Bf1 Rd8 15.Re3 b5
16.Rd3 Bg4 17.Re1 Be6 18.Rd1 Bg4 19.Be2 b4 20.Nd5 Nxe4 21.Qe1 Bxe2 22.Qxe2 Ng5
23.Qg4 h6 24.Qxb4 Qxc2 25.R1d2 Qc1+ 26.Rd1 Qc2 27.Ne3 Qc7 28.Rxd6 Ne6 29.Qe4 Nd4
30.Rd5 Re8 31.Nf5 Qc4 32.Nd6 Ne2+ 33.Kh1 Qxe4 34.Nxe4 Rab8 35.R1d2 Nf4 36.Ra5 Red8
37.g3 Rxd2 38.Nxd2 Nd3 39.Nc4 Nxf2+ 40.Kg2 Ng4 41.Rxa6 e4 42.h3 Nf6 43.Rd6 Rb5
44.Rd4 Rg5 45.a4 Nh5 46.Rxe4 Rxg3+ 47.Kh2 Rg6 48.a5 f5 49.Re8+ Kh7 50.Ne5 Rf6
51.b4 f4 52.Kg2 f3+ 53.Nxf3 Nf4+ 54.Kg3 Nh5+ 55.Kf2 Nf4 56.b5 Nxh3+ 57.Kg3 Nf4
58.b6 Rf7 59.a6 Nh5+ 60.Kg2 Nf4+ 61.Kh2  1-0

[Event "16th Asian Games Team Women"]
[Site "Guangzhou CHN"]
[Date "2010.11.22"]
[Round "5.15"]
[White "Hamid,R"]
[Black "Mir Mahmoud,A"]
[Result "1-0"]
[WhiteElo "1965"]
[BlackElo "2010"]

1.e4 c5 2.Nf3 e6 3.d4 cxd4 4.Nxd4 Nc6 5.Nc3 Qc7 6.Be2 Nf6 7.O-O a6 8.Be3 d6
9.f4 Be7 10.Kh1 O-O 11.Qe1 Bd7 12.Qg3 Kh8 13.Rae1 b5 14.a3 Rad8 15.Bd3 g6
16.Nxc6 Bxc6 17.Bd4 Kg8 18.e5 Nh5 19.Qh3 dxe5 20.Bxe5 Bd6 21.Be4 Bxe5 22.fxe5 Rd4
23.Qe3 Rfd8 24.Bxc6 Qxc6 25.Ne4 Qxc2 26.g4 Ng7 27.Nf6+ Kh8 28.Qh6 g5 29.Re4 Qxe4+
30.Nxe4 Rxe4 31.Qxg5 Rd7 32.Rc1 Rc4 33.Rxc4 bxc4 34.Qf4 Rc7 35.Qd4 Rc8 36.Qd7 Rf8
37.Qd6 Kg8 38.Qxa6 f5 39.exf6 Rxf6 40.Qxc4 Kf7 41.a4 Ne8 42.a5  1-0

[Event "16th Asian Games Team Women"]
[Site "Guangzhou CHN"]
[Date "2010.11.24"]
[Round "7.15"]
[White "Hakimifard,G"]
[Black "Hamid,R"]
[Result "1/2-1/2"]
[WhiteElo "2189"]
[BlackElo "1965"]

1.e4 c5 2.Nf3 e6 3.d4 cxd4 4.Nxd4 Nc6 5.Nc3 Qc7 6.g3 a6 7.Bg2 Nf6 8.O-O Be7
9.a4 O-O 10.Nb3 b6 11.f4 Bb7 12.g4 Na5 13.g5 Nxb3 14.cxb3 Bc5+ 15.Kh1 Ne8
16.Bd2 f5 17.Rc1 Qd8 18.Qe2 g6 19.Rfd1 Ng7 20.e5 Bxg2+ 21.Kxg2 Nh5 22.Qf3 Ra7
23.Be3 Rc7 24.Ne2 Qb8 25.Bxc5 bxc5 26.Rc4 Qb6 27.Rd6 Qa7 28.Rc2 Rb8 29.Nc1 Rb4
30.Rc4 Rb8 31.Kf2 Ng7 32.Qd1 Qb7 33.h4 Nh5 34.Rd3 Qc8 35.Rdc3 Rb4 36.Nd3 Rxc4
37.Rxc4 Rc6 38.Qc1 a5 39.Ke3 Qb7 40.Nxc5 Rxc5 41.Rxc5 Qe4+ 42.Kf2 Nxf4 43.Rc8+ Kf7
44.Qe3 Qg2+ 45.Ke1 Nd5 46.Qe2 Qg3+ 47.Kd2 Qf4+ 48.Kc2 Nb4+ 49.Kb1 Qxh4 50.Qd2 Nd5
51.Qe2 Nb4 52.Qd2 Qe4+ 53.Ka1 Qb7 54.Rc1 Kg7 55.Rd1  1/2-1/2

[Event "16th Asian Games Team Women"]
[Site "Guangzhou CHN"]
[Date "2010.11.24"]
[Round "7.13"]
[White "Pourkashiyan,A"]
[Black "Shamima,A"]
[Result "1-0"]
[WhiteElo "2367"]
[BlackElo "2161"]

1.e4 c5 2.Nf3 e6 3.d4 cxd4 4.Nxd4 Nc6 5.Nc3 Qc7 6.Be2 Nf6 7.O-O a6 8.Be3 Bb4
9.Na4 O-O 10.c4 Bd6 11.g3 Nxe4 12.Bf3 Nf6 13.c5 Be7 14.Rc1 Rd8 15.Re1 Rb8
16.Bf4 d6 17.Bxc6 e5 18.cxd6 Bxd6 19.Bf3 Qa5 20.Bd2 Bb4 21.Bxb4 Qxb4 22.Nc6 Rxd1
23.Nxb4 Rd4 24.Rcd1 a5 25.Rxd4 exd4 26.Nd5 Be6 27.Nxf6+ gxf6 28.Rd1 Rd8 29.b3 b5
30.Nc5 Bf5 31.Nb7 Rd7 32.Bc6  1-0

[Event "XXIII Belgrade Trophy"]
[Site "Obrenovac SRB"]
[Date "2010.11.25"]
[Round "2.74"]
[White "Korbovljanovic,N"]
[Black "Miladinovic,L"]
[Result "0-1"]
[WhiteElo "1772"]
[BlackElo "2027"]

1.e4 c5 2.Nf3 e6 3.d4 cxd4 4.Nxd4 Nc6 5.Nc3 Qc7 6.Be2 Nf6 7.O-O Be7 8.Kh1 O-O
9.f4 d6 10.Be3 Nxd4 11.Bxd4 e5 12.Be3 b6 13.f5 Bb7 14.Nd5 Nxd5 15.exd5 Bf6
16.c4 Rfc8 17.Rc1 Qe7 18.Qe1 b5 19.Qg3 bxc4 20.Bxc4 Kh8 21.Bb3 a5 22.Rxc8+ Rxc8
23.Rc1 Qd7 24.Qf2 Rxc1+ 25.Bxc1 Qb5 26.Be3 a4 27.Bd1 Bxd5 28.Qc2 h6 29.Be2 Qc6
30.Qxc6 Bxc6 31.b4 axb3 32.axb3 d5 33.b4 d4 34.b5 Bb7 35.Bd2 Bd8 36.Kg1 Bd5
37.Bb4 Bb6 38.Kf1 Kg8 39.g3 g6 40.f6 e4 41.Ke1 d3 42.Bd1 Bd4 43.Ba5 Bxf6
44.b6 Bd4 45.Kd2 f5 46.Ba4 Kf7 47.Bd1 Ke6 48.Ba4 g5 49.Bd1 Kd6 50.Ba4 f4
51.Bd1 Kc5 52.Ba4 Kc4 53.gxf4 gxf4 54.h4  0-1

[Event "11th Puhajarve Rapid"]
[Site "Harjumaa EST"]
[Date "2010.11.26"]
[Round "2"]
[White "Kulaots,K"]
[Black "Volodin,Alek"]
[Result "1-0"]
[WhiteElo "2580"]
[BlackElo "2481"]

1.e4 c5 2.Nf3 e6 3.d4 cxd4 4.Nxd4 Nc6 5.Nc3 Qc7 6.f4 a6 7.Nxc6 Qxc6 8.Bd3 b5
9.Bd2 Bb7 10.Qe2 Be7 11.O-O Nf6 12.Rae1 b4 13.Nd1 O-O 14.Nf2 d5 15.e5 Nd7
16.f5 exf5 17.Bxf5 g6 18.Bh3 Bc5 19.Kh1 Rae8 20.Nd3 f5 21.Bh6 Bd4 22.Bxf8 Nxf8
23.Nxb4 Qc4 24.c3 Bxe5 25.Nd3 Nd7 26.Bxf5 Qh4 27.Nxe5 Rxe5 28.Be6+ Kg7 29.Qd2 Rxe1
30.Qxe1 Qxe1 31.Rxe1 Nc5 32.Bg4 Kf6 33.Bf3 Nd3 34.Re2 Ne5 35.Kg1 Ke6 36.Kf2 Bc6
37.b3 Bb5 38.Rd2 Bc6 39.Ke3 g5 40.Kd4 g4 41.Re2 gxf3  1-0

[Event "XXVI Governors Cup"]
[Site "Legnica POL"]
[Date "2010.11.26"]
[Round "2"]
[White "Talla,V"]
[Black "Luch,M"]
[Result "1-0"]
[WhiteElo "2452"]
[BlackElo "2387"]

1.e4 c5 2.Nf3 e6 3.d4 cxd4 4.Nxd4 Nc6 5.Nc3 Qc7 6.Be3 a6 7.Qd2 Nf6 8.O-O-O Be7
9.f3 O-O 10.g4 b5 11.g5 Nh5 12.Nce2 Rd8 13.Kb1 Ne5 14.Ng3 g6 15.Nxh5 gxh5
16.Qe1 Ng6 17.Bd3 Bb7 18.Ne2 d5 19.Ng3 h4 20.Nh5 dxe4 21.fxe4 Qe5 22.Qf2 Bxe4
23.Rdf1 Rxd3 24.Qxf7+ Kh8 25.Nf6 Bxf6 26.gxf6 Rg8 27.Bh6 Rdd8 28.Bg7+ Rxg7
29.Qxg7+  1-0